Statistics for French Rivers

Click here to take the quiz!

General Stats

  • This quiz has been taken 77 times
  • The average score is 9 of 20

Answer Stats

Length River % Correct
776Seine
97%
317Loir
95%
545Rhône
92%
1 012Loire
77%
523Garonne
66%
486Meuse
52%
525Marne
49%
314Moselle
45%
483Dordogne
45%
480Saône
42%
485Lot
37%
380Tarn
35%
368Cher
32%
372Vienne
28%
316Oise
20%
410Allier
20%
430Doubs
14%
381Charente
12%
353Aisne
9%
324Durance
5%

Score Distribution

Percentile by Number Answered

Percent of People with Each Score

Your Score History

You have not taken this quiz